Państwa z 2 kolorami flagi - Statystyki

Ogólne statystyki
  • Ten quiz został rozwiązany 767 razy
  • Średni wynik to 19 z 33
Statystyki odpowiedzi
Kontynent Kraj % Poprawnych
Europa Polska
98%
Europa Ukraina
82%
Europa Szwecja
79%
Azja Chiny
78%
Europa Finlandia
76%
Azja Japonia
75%
Europa Monako
74%
Ameryka Płn Kanada
72%
Azja Indonezja
71%
Europa Dania
69%
Europa Grecja
66%
Azja Turcja
64%
Europa Austria
63%
Europa Łotwa
62%
Europa Szwajcaria
59%
Azja Kazachstan
55%
Europa Albania
54%
Ameryka Płd Peru
53%
Azja Arabia Saudyjska
51%
Afryka Maroko
51%
Azja Wietnam
50%
Azja Gruzja
47%
Europa Macedonia
47%
Azja Izrael
46%
Azja Bangladesz
45%
Afryka Tunezja
45%
Azja Pakistan
41%
Oceania Palau
40%
Azja Bahrajn
35%
Azja Kirgistan
35%
Oceania Mikronezja
35%
Afryka Somalia
35%
Oceania Tonga
29%
Nie znaleziono quizów pasujących do podanych kryteriów
Rozkład punktacji
Procent ludzi z każdym wynikiem
Percentyl według liczby udzielonych odpowiedzi
Twoja historia wyników
Nie rozwiązałeś tego quizu